|
|
|
|
| LEADER |
00000nam0a2200000 4500 |
| 001 |
157710 |
| 005 |
20231101222002.0 |
| 035 |
|
|
|a (RuTPU)RU\TPU\book\171068
|
| 090 |
|
|
|a 157710
|
| 100 |
|
|
|a 20090413d1960 km y0rusy50 ca
|
| 101 |
0 |
|
|a rus
|
| 102 |
|
|
|a RU
|
| 105 |
|
|
|a a z 001zy
|
| 200 |
1 |
|
|a Современные методы исследования силикатов и строительных материалов
|e сборник статей
|f Всесоюзное химическое общество им. Д. И. Менделеева (ВХО)
|
| 210 |
|
|
|a Москва
|c Гос. изд-во литературы по строительству и архитектуре
|d 1960
|
| 215 |
|
|
|a 303 с.
|c ил.
|
| 320 |
|
|
|a Библиография в конце статей
|
| 606 |
1 |
|
|a Силикаты
|x Химия
|2 stltpush
|3 (RuTPU)RU\TPU\subj\54776
|9 72868
|
| 606 |
1 |
|
|a Силикаты
|x Химическая технология
|2 stltpush
|3 (RuTPU)RU\TPU\subj\34482
|9 56417
|
| 606 |
1 |
|
|a Строительные материалы
|x Химическая технология
|2 stltpush
|3 (RuTPU)RU\TPU\subj\57505
|9 75365
|
| 606 |
1 |
|
|a Строительные материалы
|x Химия
|2 stltpush
|3 (RuTPU)RU\TPU\subj\57532
|9 75392
|
| 610 |
1 |
|
|a современные методы
|
| 610 |
1 |
|
|a исследование
|
| 610 |
1 |
|
|a силикаты
|
| 610 |
1 |
|
|a строительные материалы
|
| 610 |
1 |
|
|a сборники
|
| 675 |
|
|
|a 546.284
|v 3
|
| 675 |
|
|
|a 666
|v 3
|
| 675 |
|
|
|a 666.9
|v 3
|
| 675 |
|
|
|a 691:54
|v 3
|
| 712 |
0 |
2 |
|a Всесоюзное химическое общество им. Д. И. Менделеева (ВХО)
|c (Москва)
|c (1932-1991)
|2 stltpush
|3 (RuTPU)RU\TPU\col\12594
|
| 801 |
|
1 |
|a RU
|b 63413507
|c 20090413
|g PSBO
|
| 801 |
|
2 |
|a RU
|b 63413507
|c 20200327
|g PSBO
|
| 942 |
|
|
|c BK
|